000 01005nam a2200289 i 4500
001 bg
100 1 _aSZEWCZYK, Marcin K.
245 1 0 _aPolityka audiowizualna :
_bUnia Europejska - Polska : wybrane zagadnienia /
_cMarcin K. Szewczyk ; [Urząd Komitetu Integracji Europejskiej].
250 _aStan prawny na grudzień 2002.
260 _aWarszawa :
_bUKIE,
_c2002.
300 _aS. 3-154, [1] :
_bil. ;
_c24 cm.
490 1 _aBiblioteka Europejska ;
_v25
504 _aBibliogr.
650 9 _aHarmonizacja prawa
_zPolska
650 9 _aTelewizja
_xpolityka
_zPolska
_yod 1989 r.
650 9 _aTelewizja
_xprawo
_zPolska
_ystan na 2002 r.
650 9 _aTelewizja
_xprawo wspólnotowe europejskie
_ystan na 2002 r.
710 0 _aUrząd Komitetu Integracji Europejskiej
830 _aBiblioteka Europejska ;
020 _a8389218704
040 _cBPK
041 0 _apol
080 _a7.097:342.951](438:4-67)
920 _a83-89218-70-4
942 _cKS
008 s pl f |000 0 pol
999 _c43844
_d43844
856 _uhttp://koha.tu.koszalin.pl/cgi-bin/koha/opac-detail.pl?biblionumber=43844
_yKatalog online BPK